000 00626nam a2200217Ia 4500
003 GCL
008 140319s9999 xx 000 0 ara d
040 _aGCL /
_cGCL
082 0 4 _a811.094
_bم ث
100 1 _aمحمد مهران السيد
245 1 0 _aثرثرة لااعتذر عنها /
_cمحمد مهران السيد
300 _a143
490 _aكتاب
_v0
650 0 4 _aالشعر العربى
650 0 4 _aالادب العربى
650 0 4 _aالعصر الحديث
650 0 4 _aالادب
650 0 4 _aالشعر الحر
650 0 4 _aالشعر العربى - العراق
942 _2ddc
_cBK
999 _c40833
_d40833